00951cam a22002297a 4500003000500000005001700005008004100022010001000063011001000073035001000083040000900093100003000102245024200132260004100374300003200415502007500447650005100522650006000573650002700633650002300660700003800683CHAP20220329142311.0000524d2000 mx r 00110 spa d a81278 a82250 a92739 cCHAP00aCortez Villa, Luis Jaime.10aProducción de materia seca y contenido de proteína cruda, paredes celulares y cenizas en hojas y tallos tiernos de ocho especies arbustivas forrajeras del sur de Sinaloac/por Luis Jaime Cortez Villa y Francisco Hernández Margarito aChapingo, Méx. :bEl autor,c2000. a72 h. :bgráfs. ; cuadros aTesis (Ing. Agr. Esp. en Zootecnia) -- UACH. Departamento de Zootecnia 4aAlimentos y alimentacion del ganadoxAnalisis.14aAlimentos y alimentación del ganadoxValor nutritivo.14aArbustos como forraje.14aForrajesxSinaloa.0 aHernández Margarito, Francisco.